000 00495nam a2200181Ia 4500
005 20250508152315.0
008 008 250505s9999 xx 000 0 eng d
037 _aTextual
040 _aFEDL
_beng
_cFEDL
041 _aeng
_2eng
084 _a891.441, TAG
_qFEDL
100 _aTagore Rabindranath
245 0 _aHerald of spring poems from mohua
260 _aLondon, UK
_bJohn Murray
_c1957
300 _a96p.
942 _cTEXL
_h891.441, TAG
999 _c1335638
_d1335638